000 00882cab a2200253 4500
001 WB3345-26
008 090401t1997 xxu||||| |||| 00| 0 eng d
035 _a(Sirsi) u82246
041 _aeng
245 _aPFI receives £500m boost
260 _c1997
350 _a0
490 _aIndependent
_v20 November 1997, 24
490 _aDepartment of the Environment, Transport and the Regions
_v(462) 19 November 1997, (13)
520 _aGovernment has announced that it plans to double the level of financial support to PFI projects in 1998/9, and enact the Local Government (Contracts) Bill. Draft outline.
650 _aLOCAL GOVERNMENT (CONTRACTS) BILL
650 _aLOCAL GOVERNMENT
650 _aPFI
650 _aPRIVATE FINANCE INITIATIVE
650 _aPUBLIC FUNDING
690 _aPROPERTY-PROPERTY FINANCE AND INVESTMENT
942 _n0
948 _c20/11/1997
999 _c51897
_d51897